Loading...
| Fine Arts - Other | 0 | 8 | 0 | 1 | 80 | 112 | 132.25 | 0 | 0 | 5.19 | 21.83 |
| History - Other | 0 | 7 | 1 | 1 | 65 | 73 | 111.43 | 0 | 2 | 7.45 | 29.51 |
| History - European | 0 | 6 | 0 | 1 | 60 | 75 | 107.67 | 0 | 3 | 7.61 | 29.24 |
| History - World | 0 | 5 | 2 | 3 | 40 | 73 | 123.60 | 0 | 0 | 3.05 | 12.42 |
| Fine Arts - Painting & Sculpture | 0 | 4 | 1 | 1 | 35 | 102 | 120.50 | 0 | 1 | 3.24 | 13.13 |
| Literature - American | 0 | 3 | 0 | 0 | 30 | 121 | 134.33 | 0 | 1 | 2.63 | 9.17 |
| Other Academic | 0 | 3 | 0 | 0 | 30 | 80 | 93.67 | 0 | 1 | 13.85 | 25.60 |
| Geography | 0 | 3 | 0 | 0 | 30 | 71 | 87.67 | 1 | 1 | 13.42 | 25.31 |
| History - American | 0 | 3 | 1 | 0 | 25 | 76 | 104.33 | 0 | 1 | 3.80 | 11.61 |
| Social Science | 0 | 3 | 1 | 0 | 25 | 100 | 116.00 | 0 | 0 | 1.53 | 10.63 |
| Literature - British | 0 | 3 | 2 | 0 | 20 | 100 | 111.00 | 0 | 1 | 4.15 | 13.74 |
| Fine Arts - Classical Music | 0 | 3 | 2 | 0 | 20 | 112 | 122.67 | 0 | 0 | 2.20 | 7.76 |
| Current Events | 0 | 2 | 0 | 0 | 20 | 109 | 122.00 | 0 | 0 | 2.90 | 15.70 |
| Science - Chemistry | 0 | 2 | 0 | 0 | 20 | 126 | 130.50 | 0 | 0 | 0.42 | 2.63 |
| Science - Other | 0 | 1 | 0 | 0 | 10 | 79 | 79.00 | 0 | 1 | 2.48 | 4.93 |
| Mythology | 0 | 1 | 0 | 0 | 10 | 131 | 131.00 | 0 | 0 | 1.66 | 3.24 |
| Religion | 0 | 1 | 0 | 0 | 10 | 130 | 130.00 | 0 | 0 | 0.94 | 3.65 |
| Literature - World | 0 | 1 | 2 | 1 | 0 | 135 | 135.00 | 0 | 0 | 0.00 | 0.99 |
| Philosophy | 0 | 0 | 0 | 0 | 0 | 0.00 | 0 | 0 | 0.00 | 0.00 | |
| Science - Biology | 0 | 1 | 3 | 0 | -5 | 59 | 59.00 | 0 | 1 | 3.50 | 5.71 |
| Literature - European | 0 | 1 | 3 | 1 | -5 | 151 | 151.00 | 0 | 0 | 0.04 | 1.82 |